000 00303nam a22001337a 4500
008 171102b xxu||||| |||| 00| 0 eng d
020 _a0876265611
041 _aeng
080 _a339.138
100 _a60
101 _aMAR
245 _aMARKETING IN THE SERVICE SECTOR
_cJOHN,M,R
942 _2udc
_cBK
999 _c37315
_d37315